The political doctrines of Sun Yat-sen ; an exposition of the San min chu i /

Bibliographic Details
Main Author: Linebarger, Paul Myron Anthony, 1913-1966
Format: Book
Language:English
Published: Baltimore : The Johns Hopkins press, 1937.
Series:Johns Hopkins University studies in historical and political science. Extra volumes ; new ser., no. 24.
Subjects:

MARC

Tag First Indicator Second Indicator Subfields
LEADER 00000cam a2200000 4500
001 in00000463572
005 20151012163624.0
008 740313s1937 mdu b 00010 eng
010 |a  37012528  
035 |a (OCoLC)00830000 
035 |9 ABZ6670AM 
040 |c BMC  |d TXA  |d UtOrBLW 
049 |a TXAM  |c 1 [412866], 2 [972496] 
050 0 0 |a DS777  |b .L49 1937 
090 |a H31  |b .J62 n.s. no.24 
100 1 |a Linebarger, Paul Myron Anthony,  |d 1913-1966. 
245 1 4 |a The political doctrines of Sun Yat-sen ;  |b an exposition of the San min chu i /  |c by Paul Myron Anthony Linebarger ... 
264 1 |a Baltimore :  |b The Johns Hopkins press,  |c 1937. 
300 |a xiv, 278 pages ;  |c 22cm. 
336 |a text  |b txt  |2 rdacontent 
337 |a unmediated  |b n  |2 rdamedia 
338 |a volume  |b nc  |2 rdacarrier 
490 1 |a Johns Hopkins university studies in historical and political science. Extra volumes. new ser., no 24 
500 |a Issued also as thesis (PH. D.) Johns Hopkins university. 
504 |a Bibliography: pages 265-273. 
600 1 0 |a Sun, Yat-sen,  |d 1866-1925.  |t San min zhu yi.  |l Russian & Chinese. 
650 0 |a Nationalism. 
650 0 |a World politics. 
651 0 |a China  |x Foreign relations. 
651 0 |a China  |x Politics and government. 
651 0 |a China  |x Economic conditions. 
830 0 |a Johns Hopkins University studies in historical and political science.  |p Extra volumes ;  |v new ser., no. 24. 
999 |a MARS 
999 f f |s 83cd4d71-bf1b-30ca-9038-04ff5611cbc7  |i 0f3a7d94-f721-37bd-b988-add2b39f1d90  |t 0 
952 f f |p normal  |a Texas A&M University  |b College Station  |c Sterling C. Evans Library  |s Evans stk  |d Evans: Library Stacks  |t 0  |e H31 .J62 n.s. no.24  |h Library of Congress classification  |i unmediated -- volume  |m A14802507217 
998 f f |a H31 .J62 n.s. no.24  |t 0  |l Evans: Library Stacks